Mzdové príplatky po novom
Súčasťou celkovej mzdy zamestnanca sú okrem základnej a motivačnej zložky mzdy aj doplnkové plnenia, ktorých väčšina predstavuje mzdové zvýhodnenia, resp. "príplatky". Majú špecifický charakter, pretože nárok na ne vzniká len za určitých objektívne splnených predpokladov spojených s výkonom práce, n...
Gespeichert in:
| 1. Verfasser: | |
|---|---|
| Format: | Buchkapitel |
| Sprache: | Slowakisch |
| Schlagworte: | |
| Tags: |
Keine Tags, Fügen Sie das erste Tag hinzu!
|
MARC
| LEADER | 00000naa a2200000 4500 | ||
|---|---|---|---|
| 001 | 0295336 | ||
| 005 | 20240417075241.5 | ||
| 041 | 0 | |a slo | |
| 044 | |a SK | ||
| 245 | 1 | 0 | |a Mzdové príplatky po novom |c Iveta Matlovičová |
| 520 | |a Súčasťou celkovej mzdy zamestnanca sú okrem základnej a motivačnej zložky mzdy aj doplnkové plnenia, ktorých väčšina predstavuje mzdové zvýhodnenia, resp. "príplatky". Majú špecifický charakter, pretože nárok na ne vzniká len za určitých objektívne splnených predpokladov spojených s výkonom práce, napr. nárok na príplatok za prácu v noci vzniká zamestnancovi len v prípade, ak vykonával prácu v noci. Aké príplatky je zamestnávateľ povinný zamestnancom za vykonanú prácu poskytovať? | ||
| 610 | 2 | 0 | |a zamestnanci |
| 610 | 2 | 0 | |a povinnosti zamestnávateľov |
| 610 | 2 | 0 | |a mzdy |
| 610 | 2 | 0 | |a zvýhodnenie mzdové |
| 610 | 2 | 0 | |a príplatky |
| 610 | 2 | 0 | |a predpisy právne |
| 610 | 2 | 0 | |a zákonník práce |
| 100 | 1 | |a Matlovičová, Iveta | |